000 00292nam a2200109Ia 4500
008 191201s2019 xx 000 0 und d
100 _aNILSSON, Niles J
245 0 _aPrinciples of Artificial Intelligence
250 _aRep
260 _bNarosa Publication House
_aNEW DELHI
942 _2ddc
_cBK
_01
999 _c7953
_d7953